Из истории польской ссылки второй половины XIX в. в Западной Сибири; Известия Томского политехнического университета [Известия ТПУ]; Т. 307, № 4
| Parent link: | Известия Томского политехнического университета [Известия ТПУ]/ Томский политехнический университет (ТПУ).— , 2000- Т. 307, № 4.— 2004.— [С. 169-174] |
|---|---|
| Autor principal: | |
| Sumari: | Заглавие с титульного листа Электронная версия печатной публикации Рассматривается пребывание ссыльных поляков - участников восстания 1863 г. в Царстве Польском на Алтае, предпринята попытка определения их численности, сословного состава, размещения, рода занятий в регионе. |
| Idioma: | rus |
| Publicat: |
2004
|
| Col·lecció: | Социально-экономические и гуманитарные науки |
| Matèries: | |
| Accés en línia: | http://www.lib.tpu.ru/fulltext/v/Bulletin_TPU/2004/v307/i4/39.pdf |
| Format: | Electrònic Capítol de llibre |
| KOHA link: | https://koha.lib.tpu.ru/cgi-bin/koha/opac-detail.pl?biblionumber=169771 |
MARC
| LEADER | 00000nla2a2200000 4500 | ||
|---|---|---|---|
| 001 | 169771 | ||
| 005 | 20231031163524.0 | ||
| 035 | |a (RuTPU)RU\TPU\book\184136 | ||
| 035 | |a RU\TPU\book\184135 | ||
| 090 | |a 169771 | ||
| 100 | |a 20091117d2004 k y0rusy50 ca | ||
| 101 | 0 | |a rus | |
| 102 | |a RU | ||
| 135 | |a drnn ---uucaa | ||
| 181 | 0 | |a i | |
| 182 | 0 | |a b | |
| 200 | 1 | |a Из истории польской ссылки второй половины XIX в. в Западной Сибири |b Электронный ресурс |f И. Н. Никулина | |
| 203 | |a Текст |c электронный | ||
| 215 | |a 1 файл (137 Кб) | ||
| 225 | 1 | |a Социально-экономические и гуманитарные науки | |
| 230 | |a Электронные текстовые данные (1 файл : 137 Кб) | ||
| 300 | |a Заглавие с титульного листа | ||
| 300 | |a Электронная версия печатной публикации | ||
| 320 | |a [Библиогр.: с. 174 (17 назв.)] | ||
| 330 | |a Рассматривается пребывание ссыльных поляков - участников восстания 1863 г. в Царстве Польском на Алтае, предпринята попытка определения их численности, сословного состава, размещения, рода занятий в регионе. | ||
| 337 | |a Adobe Reader | ||
| 461 | 1 | |0 (RuTPU)RU\TPU\book\176237 |t Известия Томского политехнического университета [Известия ТПУ] |f Томский политехнический университет (ТПУ) |d 2000- | |
| 463 | 1 | |0 (RuTPU)RU\TPU\book\184014 |t Т. 307, № 4 |v [С. 169-174] |d 2004 |p 194 с. | |
| 610 | 1 | |a польская ссылка | |
| 610 | 1 | |a 19 век | |
| 610 | 1 | |a Западная Сибирь | |
| 610 | 1 | |a ссыльные поляки | |
| 610 | 1 | |a участники | |
| 610 | 1 | |a восстания | |
| 610 | 1 | |a Алтай | |
| 610 | 1 | |a Царство Польское | |
| 610 | 1 | |a численность | |
| 610 | 1 | |a сословный состав | |
| 610 | 1 | |a размещения | |
| 610 | 1 | |a занятия | |
| 610 | 1 | |a регионы | |
| 610 | 1 | |a электронный ресурс | |
| 700 | 1 | |a Никулина |b И. Н. | |
| 801 | 1 | |a RU |b 63413507 |c 20090623 |g PSBO | |
| 801 | 2 | |a RU |b 63413507 |c 20210728 |g PSBO | |
| 856 | 4 | |u http://www.lib.tpu.ru/fulltext/v/Bulletin_TPU/2004/v307/i4/39.pdf | |
| 942 | |c CF | ||